000 00943nam a2200265Ia 4500
003 OSt
005 20220923211420.0
006 a|||||r|||| 00| 0
007 ta
008 220922b |||||||| |||| 00| 0 hin d
020 _a9788192704685 (hbk)
_c2495
024 _a348,112
037 _b244, 16/01/2019, Eastern Book Linkers
_cTextual
040 _aARTS
_cARTS
_bhin
041 _2hin
_ahin
082 _aO15v, 152Q9
100 _aनागर, उषा, ले.
245 0 _aसंस्कृत साहित्य का समेकित इतिहास
246 _aSanskṛut sāhitya kā samekit itihāsa
260 _aजयपुर
_b एस. एस. बुक
_c2019
300 _a344पृ.
_ccm.
650 _aसंस्कृत साहित्य
942 _hO15v, 152Q9
_cTEXL
_2CC
999 _c299247
_d299247